Fr. Conceicao Rodrigues College of Engineering

J2EE tutorial (Record no. 19565)

MARC details
000 -LEADER
fixed length control field 00381nam a2200181Ia 4500
082 ## - DEWEY DECIMAL CLASSIFICATION NUMBER
Classification number 005.1J/BOD
Item number BOD
100 ## - MAIN ENTRY--PERSONAL NAME
Personal name Bodoff/Stephanie/ Armstrong/Eric
250 ## - EDITION STATEMENT
Edition statement 2
245 ## - TITLE STATEMENT
Title J2EE tutorial
260 ## - PUBLICATION, DISTRIBUTION, ETC.
Name of publisher, distributor, etc. Pearson Education
Place of publication, distribution, etc. Mumbai
Date of publication, distribution, etc. 2004
366 ## - TRADE AVAILABILITY INFORMATION
Publishers's discount category 15
300 ## - PHYSICAL DESCRIPTION
Extent 1507
546 ## - LANGUAGE NOTE
Language note ENGLISH
650 ## - SUBJECT ADDED ENTRY--TOPICAL TERM
Topical term or geographic name entry element Computers
654 ## - SUBJECT ADDED ENTRY--FACETED TOPICAL TERMS
Focus term J2EE
942 ## - ADDED ENTRY ELEMENTS (KOHA)
Koha item type Reference Book
Holdings
Withdrawn status Lost status Damaged status Not for loan Collection Home library Current library Shelving location Date acquired Source of acquisition Cost, normal purchase price Inventory number Total Checkouts Full call number Barcode Date last seen Cost, replacement price Price effective from Koha item type
        CRC Fr. Agnel's C.Rodrigues College of Engineering Fr. Agnel's C.Rodrigues College of Engineering   17/03/2023 Unique Book Distributors 635.00 5252 dt 12/05/2006   005.1J/BOD BOD 16668 17/03/2023 650.00   Reference Book
        CRC Fr. Agnel's C.Rodrigues College of Engineering Fr. Agnel's C.Rodrigues College of Engineering   17/03/2023 Unique Book Distributors 635.00     005.1J/BOD BOD 16669 17/03/2023 650.00   BOOK